Simon's Suggested Band Names (The Mortal Instruments) Quiz Stats

 Plays Quiz not verified by Sporcle

Score 0/14 Timer 02:00
0 Plays Today
% Correct
The Mortal
93.1%
The Sexist Pigs
69.1%
Rock Solid
63.2%
Millennium
60%
Lawn Chair
48.5%
Sea Vegetable
47.3%
Midnight
47.2%
% Correct
Champagne
45.5%
Mojo
40.8%
Fortuitous
38.6%
Salacious
35.3%
Dangerous
32.2%
Furious
31.9%
Dichotomous
30.1%

You're not logged in!

Compare scores with friends on all Sporcle quizzes.
OR
Log In

Show Comments

Extras

Top Quizzes Today


Score Distribution

Your Account Isn't Verified!

In order to create a playlist on Sporcle, you need to verify the email address you used during registration. Go to your Sporcle Settings to finish the process.

Report this User

Report this user for behavior that violates our Community Guidelines.

Details: